000 00751nas a2200253Ia 4500
001 R753/72695
003 IT-RoPAU
008 151124c99999999xx |||||||||||| ||und||
040 _aIT-RoPAU
040 _cIT-RoPAU
041 _aFRANCESE
100 _aAA.VV.
_gCodice Aut. SPICS: 12000
210 _aTRAVERSES
222 _aTraverses
245 _aTRAVERSES, N.044/045 (SETTEMBRE 1988)
_bTraverses, N.044/045 (Settembre 1988)
250 _a1a ed.
260 _aPARIS
_bMINUIT
_c1988
501 _bPaulus - SPICS - Società San Paolo EM (non-commercial uses only)
_cCopyright2015
300 _a284 p.
310 _aTRIMESTRALE
362 _aANNO 014, N.044/045 (SETTEMBRE 1988)
650 _aSTAMPA
_vPUBBLICAZIONE PERIODICA
942 _cCR
999 _c133500
_d133500